Places in Gta 5 and online - Statistics

General Stats
  • This quiz has been taken 179 times
  • The average score is 9 of 47
Answer Stats
Real Name Game Name % Correct
Los Angeles Los Santos
99%
Desert Shores Sandy Shores
59%
Hollywood Hills Vinewood Hills
57%
Morro Bay Paleto Bay
52%
Hollywood Sign Vinewood Sign
42%
San Gorgonio Mount Chiliad
41%
Beverly Hills Rockford Hills
40%
Santa Monica Del Perro
34%
US Bank Tower Maze Bank Tower
34%
Bakersfield Grapeseed
32%
Malibu Chumash
30%
Slab City Stab City
28%
Compoton Davis
26%
Venice Canals Vespucci Canals
26%
Naval Base Ventura County Fort Zancudo
24%
Mount San Jacinto Mount Gordo
22%
Echo Park Mirror Park
21%
Hollywood Bowl Vinewood Bowl
21%
Agoura Hills Tongva Hills
19%
Bixiby Creek Raton Canyon
18%
San Antonio Mount Josiah
15%
Mojave Desert Grand Senora Desert
14%
Great Western Forum Maze Bank Arena
13%
San Bernardino National Forest Paleto Forest
11%
Apple Valley Airport Sandy Shores Airport
9%
Topanga Canyon Banham Canyon
8%
San Gorgonio Wilderness Chiliad Mountain State Wilderness
8%
Victorville Harmony
8%
Pershing Square Legion Square
8%
Bakersfield Municipal Airport Mckenzie Field
8%
Santa Barbara North Chumash
8%
San Rafael Hills Palomino Highlands
8%
Topanga Canyon Tongva Valley
8%
San Gorgonio Pass Wind Farm RON Alternates Wind Farm
7%
Pigeon Point Cape Catfish
6%
Homeless Camp Dignity Village
6%
Mecca Galilee
6%
Mugu Lagoon Lago Zancudo
6%
Mount Lee Mount Haan
6%
Marina Del Rey Puerto Del Sol
6%
San Jacinto Mountains San Chianski Mountain Range
6%
San Gabriel Mountains Tataviam Mountains
6%
Yucca Valley Braddock Pass
5%
Santa Monica Mountains Great Chaparral
5%
San Gregorio State Beach Heart Attack Beach
5%
Salvation Mountain Beam Me Up
3%
Pigeon Point El Gordo Lighthouse
3%
No matching quizzes found
Score Distribution
Percent of People with Each Score
Percentile by Number Answered
Your Score History
You have not taken this quiz